| 000 | 00883nam a2200253 a 4500 | ||
|---|---|---|---|
| 001 | 16383 | ||
| 003 | BD-RjUL | ||
| 005 | 20211209000013.0 | ||
| 008 | 140213s1961 enkabgh 001 0 eng d | ||
| 035 | _a(BD-RjUL)16438 | ||
| 040 |
_aEDJ _cEDJ _dEQO _dBD-RjUL _beng |
||
| 041 | 1 |
_aeng _hger |
|
| 082 |
_a780.92 _bANL _223 |
||
| 100 | 1 |
_aBeethoven, Ludwig van, _d1770-1827. _950646 |
|
| 245 | 1 | 4 |
_aThe letters of Beethoven / _ccollected, translated and edited with an introduction, appendixes, notes and indexes by Emily Anderson. _nVolume II |
| 260 |
_aLondon : _bMacmillan, _c1961. |
||
| 300 |
_aV. : _bill, facsims, music, ports ; _c23 cm. |
||
| 504 | _aIncludes Index. | ||
| 505 | _aVol.1 -- V. 2.-- V.3.-- | ||
| 600 | 1 | 0 |
_aBeethoven, Ludwig van, _d1770-1827 _xCorrespondence. _9236019 |
| 700 | 1 |
_aAnderson, Emily, _d1891-1962. _9236020 |
|
| 942 |
_2ddc _cBK |
||
| 999 |
_c16383 _d16383 |
||